[Event "Pan American Continental"]
[Site "Cali"]
[Date "2010.11.20"]
[Round "6"]
[White "Escobar Forero, Alder"]
[Black "Morales, John"]
[Result "1-0"]
[WhiteElo "2456"]
[BlackElo "2309"]
[PlyCount "81"]
[EventDate "2010.11.17"]
[EventType "swiss"]
[EventRounds "9"]
[EventCountry "COL"]
[SourceTitle "CBM 139 Extra"]
[Source "ChessBase"]
[SourceDate "2011.01.05"]
[SourceVersion "1"]
[SourceVersionDate "2011.01.05"]
[SourceQuality "1"]

1. e4 c5 2. Nf3 e6 3. d4 cxd4 4. Nxd4 a6 5. Bd3 Qc7 6. Be3 Nc6 7. Nd2 Nxd4 8. Bxd4 e5 9. Bc3 b5 10. Qh5 d6 11. a4 Rb8 12. axb5 axb5 13. Bb4 Bd7 14. 0-0 Ne7 15. Ba5 Qc8 16. c4 Ng6 17. g3 b4 18. Qe2 Be7 19. c5 dxc5 20. Nc4 Qc6 21. h4 Bxh4 22. gxh4 Nf4 23. Qf3 f6 24. Rfd1 0-0 25. Bf1 Be6 26. Rd6 Qe8 27. Kh2 Qg6 28. Ne3 Rbe8 29. Ng2 Bg4 30. Nxf4 exf4 31. Qxf4 Rxe4 32. Qg3 Bf5 33. f3 Re5 34. Bc4+ Kh8 35. Qxg6 hxg6 36. Kg2 Rfe8 37. Kf2 Be6 38. Bxe6 R8xe6 39. Rxe6 Rxe6 40. Rc1 Re5 41. Bc7 1-0

[Event "Cali op-A 3rd"]
[Site "Cali"]
[Date "1999.12.29"]
[Round "7"]
[White "Gonzalez, Renier"]
[Black "Morales, John"]
[Result "0-1"]
[WhiteElo "2426"]
[BlackElo "2374"]
[PlyCount "50"]
[EventDate "1999.12.26"]
[EventType "swiss"]
[EventRounds "9"]
[EventCountry "COL"]
[SourceTitle "CBM 074 Extra"]
[Source "ChessBase"]
[SourceDate "2000.03.10"]
[SourceVersion "2"]
[SourceVersionDate "2000.03.10"]
[SourceQuality "1"]

1. e4 c5 2. Nf3 d6 3. Bb5+ Bd7 4. a4 Nf6 5. d3 g6 6. 0-0 Bg7 7. Nbd2 Nc6 8. Bxc6 Bxc6 9. e5 dxe5 10. Nxe5 Rc8 11. Re1 0-0 12. Nxc6 Rxc6 13. Nc4 Nd5 14. Bg5 h6 15. Bh4 Re8 16. Qd2 Qb8 17. Bg3 e5 18. Re2 Rce6 19. Rae1 b6 20. c3 Qc7 21. Nxe5 Bxe5 22. Rxe5 Rxe5 23. Rxe5 Rxe5 24. d4 cxd4 25. cxd4 Qc2 0-1

[Event "Ciego de Avila Jimenez Memorial 4th"]
[Site "Ciego de Avila"]
[Date "1998.11.??"]
[Round "1"]
[White "Elissalt Cardenas, Hector"]
[Black "Morales, John"]
[Result "1-0"]
[WhiteElo "2310"]
[BlackElo "2315"]
[PlyCount "99"]
[EventDate "1998.11.01"]
[EventType "tourn"]
[EventRounds "11"]
[EventCountry "CUB"]
[SourceTitle "EXT 2024"]
[Source "ChessBase"]
[SourceDate "2023.10.10"]
[SourceVersion "1"]
[SourceVersionDate "2023.10.10"]
[SourceQuality "1"]

1. d4 Nf6 2. Nf3 e6 3. Bg5 c5 4. e3 Be7 5. Nbd2 cxd4 6. exd4 b6 7. Bd3 Bb7 8. 0-0 0-0 9. Re1 d6 10. c3 Nbd7 11. a4 a6 12. Qb3 Rb8 13. Bh4 Nh5 14. Bxe7 Qxe7 15. Qa3 Nf4 16. Bf1 Rfd8 17. g3 Ng6 18. Bg2 Nf6 19. c4 Rdc8 20. d5 e5 21. Nd4 Qd7 22. Nc6 Bxc6 23. dxc6 Rxc6 24. Bxc6 Qxc6 25. Qf3 Qxf3 26. Nxf3 a5 27. Rad1 e4 28. Ng5 Ne5 29. Kg2 Nd3 30. Re2 Nc5 31. Rxd6 h6 32. Nh3 Nxa4 33. Nf4 Nc5 34. Nd5 Nfd7 35. f3 Ne5 36. fxe4 Nxc4 37. Rc6 a4 38. Rc2 Ne5 39. Rxb6 Rxb6 40. Nxb6 Ned3 41. Rc4 Kf8 42. Nxa4 Nxa4 43. Rxa4 Nxb2 44. Rd4 Ke7 45. Kf3 Ke6 46. Kf4 f6 47. g4 g6 48. h3 g5+ 49. Kf3 Ke5 50. Ke3 1-0